000 00701nam a2200217Ii 4500
003 JO-AjNU
008 230605s9999||||xx |||||||||||||| ||und||
017 _a1997/5/572
040 _aJO-AjNU
_bara
_erda
_cJO-AjNU
041 _aara
050 1 4 _aQA76.Q27 1997
100 3 _aالقاضي ، زياد عبد الكريم,
_eauthor
_930184
245 0 0 _aاساسيات الحاسوب وتطبيقاتة
250 _aط1
264 3 1 _aعمان:دار الصفاء ،1997
300 _a370ص
336 _atext
_btxt
_2rdacontent
337 _aunmediated
_bn
_2rdamedia
338 _avolume
_bnc
_2rdacarrier
650 4 _aالحواسيب- علم الحاسوب- برامج الحاسوب
_930185
999 _aA11936
_c15504
_d15504